000 00506nam a2200181Ia 4500
008 151202s9999||||xx |||||||||||||| ||und||
082 _bPNVM-32141
100 _aभावे पु.भा.
245 _aनौका.
260 _bकुलकर्णी ग्रंथागार पुणे.
260 _c1963
300 _a142
600 _aभावे पु.भा.
630 _aनौका.
700 _aभावे पु.भा.
730 _aनौका.
942 _cBOOK
999 _c1298102
_d1298099